Elevation Extreme: Highest Countries - Statistics

General Stats
  • This quiz has been taken 40 times
  • The average score is 14 of 15
Answer Stats
Height Area Country % Correct
8,848 m (29,029 ft) Mount Everest China
100%
8,586 m (28,169 ft Kangchenjunga India
100%
8,848 m (29,029 ft) Mount Everest Nepal
100%
6,960 m (22,835 ft) Aconcagua Argentina
97%
6,893 m (22,615 ft) Ojos del Salado Chile
97%
8,611 m (28,251 ft) K2 Pakistan
97%
6,768 m (22,205 ft) Huascarán Peru
97%
7,570 m (24,836 ft) Gangkhar Puensum Bhutan
95%
6,542 m (21,463 ft) Sajama Bolivia
95%
6,191 m (20,310 ft) Denali (Mt. McKinley) United States
95%
7,492 m (24,580 ft) Noshaq Afghanistan
90%
6,267 m (20,561 ft) Chimborazo Ecuador
90%
7,495 m (24,950 ft) Ismoil Somoni Peak Tajikistan
90%
7,010 m (22,999 ft) Khan Tengri Kazakhstan
85%
7,439 m (24,406 ft) Jengish Chokusu Kyrgyzstan
85%
No matching quizzes found
Score Distribution
Percent of People with Each Score
Percentile by Number Answered
Your Score History
You have not taken this quiz